| 000 | | | 04568cam0a2200289#x 450 |
| 001 | | | 0f40285b-7239-4021-b61e-b62aa2cf2cb6 |
| 005 | | | 20240530102055.0 |
| 100 | ## | $a | 20240521j19430404k###0rusy50 ca |
| 101 | 0# | $a | rus |
| 102 | ## | $a | RU |
| 105 | ## | $a | y###z######## |
| 122 | 0# | $a | d19430404## |
| 200 | 1# | $a | Сообщение Управления НКВД Украинской ССР в 1-е Управление НКВД СССР сведений об оккупации противником и освобождении частями Красной Армии городов, райцентров и железнодорожных станций Украинской ССР |
| | $j | 4 апреля 1943 г. |
| 251 | ## | $c | Документ |
| 300 | ## | $a | Подлинник |
| 461 | #0 | $1 | 2001 |
| | $a | Ф. 4 |
| | $1 | 251 |
| | $c | Фонд |
| | $1 | 852 |
| | $j | 4 |
| 462 | #0 | $1 | 2001 |
| | $a | Оп. 1 |
| | $1 | 251 |
| | $c | Опись |
| | $1 | 852 |
| | $j | 1 |
| 462 | #0 | $1 | 2001 |
| | $a | Д. 182 |
| | $v | Л. 134-135 |
| | $1 | 251 |
| | $c | Дело |
| | $1 | 852 |
| | $j | 182 |
| 601 | 01 | $2 | nlr_sh |
| | $3 | RU\NLR\AUTH\661383067 |
| | $a | СССР |
| | $b | Народный комиссариат внутренних дел |
| | $x | История |
| | $z | 1941 - 1945 |
| | $j | Документы и материалы |
| 605 | ## | $2 | prlib_sh |
| | $3 | LIBNET\UAF\0000088514 |
| | $a | Вторая мировая война в архивных документах (Комплекс оцифрованных архивных документов, кино- и фотоматериалов) |
| | $l | коллекция |
| 606 | 1# | $2 | nlr_sh |
| | $3 | RU\NLR\AUTH\661489436 |
| | $a | Великая Отечественная война |
| | $z | 1941 - 1945 |
| | $x | Оккупированные районы |
| | $y | Украинская ССР |
| | $j | Документы и материалы |
| 686 | ## | $a | 63.3(2)622,12ю1 |
| | $v | LBC/M |
| | $2 | rubbk |
| 801 | #0 | $a | RU |
| | $b | ПБ им. Б.Н. Ельцина |
| | $c | 20240521 |
| 801 | #1 | $a | RU |
| | $b | ПБ им. Б.Н. Ельцина |
| | $c | 20240521 |
| | $2 | rusmarc |
| 801 | #2 | $a | RU |
| | $b | ПБ им. Б.Н. Ельцина |
| | $c | 20240530 |
| | $2 | rusmarc |
| 850 | ## | $a | Центральный архив Федеральной службы безопасности России |
| 852 | ## | $a | ЦА ФСБ России |
| | $j | Л. 134-135 |
| 035 | ## | $a | LIBNET\0001400622 |
| 937 | ## | $d | 192160157 |
| | $h | Федеральное архивное агентство |
| 856 | 4# | $u | http://readingroom.main.prlib.ru/item.aspx?id_node=n192160157&mode=full |